01015nam a2200193Ia 4500008004100000020001800041050001900059100003400078245014100112250000600253260003600259300002000295650010200315700009900417952009600516952009600612952009600708999001700804120720s9999 xx 000 0 und d a968-439-490-X aPQ7112 C4 1998 aCHOREN DE BALLESTER, JOSEFINA aLITERATURA MEXICANA E HISPANOAMERICANA / JOSE FINA CHOREN DE BALLESTER, GUADALUPE GOICOECHEA DE JUNCO, MA. DE LOS ANGELES RULL DE PULIDO a2 aMEXICO : PUBLICACIONES CULTURAL a310 P. / 24 CM. a1. LITERATURA LATINOAMERICANA -- HISTORIA Y CRITICA 2. LITERATURA MEXICANA -- HISTORIA Y CRITICA aI. GOICOECHEA DE JUNCO, GUADALUPE, COAUT. II. RULL DE PULIDO, MA. DE LOS ANGELES. COAUT.ÌÌ 00104070a03b03d2001-05-15l0oPQ7112 C4 1998p03 003592r2012-07-20t1w2012-07-20yLB 00104070a03b03d2001-05-15l0oPQ7112 C4 1998p03 003593r2012-07-20t2w2012-07-20yLB 00104070a03b03d2001-05-15l0oPQ7112 C4 1998p03 003594r2012-07-20t3w2012-07-20yLB c80211d80211